| 000 | 00404nam a22001217a 4500 | ||
|---|---|---|---|
| 999 |
_c1120 _d1120 |
||
| 005 | 20200825104721.0 | ||
| 008 | 200825b ||||| |||| 00| 0 eng d | ||
| 020 | _a007058978x | ||
| 040 | _cCML | ||
| 245 |
_aThe Exceptional Child: A Functional Approach. _cGallop, H.R & Vinciquera, A.M. |
||
| 260 |
_aNew York _bMcGraw-Hill Book Company _c1983 |
||
| 942 |
_2ddc _cBK _e2nd Edition _h371.9 _mGAL |
||